000 00651nam a2200217Ia 4500
003 OSt
005 20220923230717.0
006 a|||||r|||| 00| 0
007 ta
008 Pun
024 _a304,969
037 _cTextual
040 _aARTS
_cARTS
_bPun
041 _2Pun
_aPun
082 _aR13, 153M0
100 _aਇਲੀਇੰਕੋਵ, ਈ. ਵੀ.; ਦਲਬੀਰ ਸਿੰਘ, ੳਗ.
_9169143
245 0 _aਦਵੰਦਵਾਦੀ ਨਿਆਦਿ Fਾਸਤਰ
260 _c1980
942 _hR13, 153M0
_cTEXL
_2CC
999 _c386774
_d386774